000 00342nam a2200133Ia 4500
008 240624s9999 xx 000 0 und d
041 _aeng
082 _a650.1 WIN
100 _aWIND YORAM
245 _aPOWER OF IMPOSSIBLE THINKING TRANSFORM T
260 _c2005
_aDelhi
_bWharton School
300 _alvi, : 274 : p. : cm. ; 25
365 _cRS
999 _c1771
_d1771